Sławni ludzie - Bałkany Zachodnie - Statystyki

Ogólne statystyki
  • Ten quiz został rozwiązany 10 razy
  • Średni wynik to 4 z 15
Statystyki odpowiedzi
Państwo pochodzenia Opis Sławna osoba % Poprawnych
Bośnia i Hercegowina Piłkarz grający w pozycji napastnika w tureckim klubie Fenerbahçe oraz kapitan reprezentacji Bośni i Hercegowiny Edin Dzeko
100%
Chorwacja Piłkarz. Zdobywca Złotej Piłki w 2018 roku Luka Modrić
83%
Słowenia Pierwsza dama USA urodzona w Słowenii Melania Trump
67%
Słowenia Kolarz. Zwycięsca Tour de France w 2020, 2021 i 2024 roku Tadej Pogacar
50%
Chorwacja Tenisista. Zwycięsca US open w 2014 roku Marin Cilić
33%
Chorwacja Wynalazca radia, silnika elektrycznego asynchronicznego i wielu więcej Nikola Tesla
33%
Bośnia i Hercegowina Reżyser takich filmów jak "Czas Cyganów" czy "Na mlecznej drodze" Emir Kusturica
17%
Słowenia Były prezydent Słowenii Borut Pahor
0%
Bośnia i Hercegowina Dwukrotny reprezentant Bośni i Hercegowiny w Eurowizji 1999 i 2011 Dino Merlin
0%
Bośnia i Hercegowina Muzyk. Lider zespołu Bijelo Dugme Goran Bregović
0%
Słowenia Koszykarz. Mistrz Europy 2017 Goran Dragić
0%
Słowenia Hokeista. Kapitan klubu hokejowego Los Angeles Kings Goran Dragić
0%
Chorwacja Założyciel Rimac Automobili Mate Rimac
0%
Chorwacja Piosenkarka popowa. Jej utwory to np. "Brad Pitt" czy "Otrove" Severina
0%
Bośnia i Hercegowina Piosenkarz popowy. Legenda byłej Jugosławii Zdravko Colić
0%
Nie znaleziono quizów pasujących do podanych kryteriów
Rozkład punktacji
Procent ludzi z każdym wynikiem
Percentyl według liczby udzielonych odpowiedzi
Twoja historia wyników
Nie rozwiązałeś tego quizu